00534nam a22001577a 450000500170000001000150001702000270003203500130005903700130007224501110008526000310019627000830022730000260031070000250033670000150036120140925131209.0 aENG-110906 a9789351431992c1695.00 aEN-94438 bDBAD/PUB aTransfer pricing comparables :binsight into IT and ITeS /cforward by Parthasarathi Shome [and] B M Singh aGurgaonbLexis Nexisc2014 a14th Floor, Building No.10, Tower-B, DLF Cyber City, Phase-IIbGurgaone122002 axxx,1110p. c24cm(Hb) aShome, Parthasarathi aSingh, B M